Crop Physiology (Record no. 4198)

MARC details
000 -LEADER
fixed length control field 00358nam a22001457a 4500
008 - FIXED-LENGTH DATA ELEMENTS--GENERAL INFORMATION
fixed length control field 250709b |||||||| |||| 00| 0 eng d
020 ## - INTERNATIONAL STANDARD BOOK NUMBER
ISBN 9788176222280
100 ## - MAIN ENTRY--AUTHOR
Author Srivastava G.C
245 ## - TITLE STATEMENT
Title Crop Physiology
260 ## - PUBLICATION, DISTRIBUTION, ETC. (IMPRINT)
Place of publication Delhi
Name of publisher BIOTECH BOOKS
Date of publication 2018
300 ## - COLLATION
Pagination 205p.
Other physical details ill.
650 ## - TRACINGS
Main Subject Field Crops-physiology
942 ## - ADDED ENTRY ELEMENTS (KOHA)
Item type Books
050 ## - LIBRARY OF CONGRESS CALL NUMBER
Classification number SB185.5
Item number .S75
Holdings
Source of classification or shelving scheme Not for loan Permanent location Current location Date acquired Accession No. Full call number Barcode. Koha item type
Library of Congress Classification   Samuel Ogbemudia Main Library, University of Abuja Samuel Ogbemudia Main Library, University of Abuja 07/09/2025 2024/62091 SB185.5.S75 2025-2943 Books